Understanding modern mathematics / (Record no. 3041)

MARC details
000 -LEADER
fixed length control field 00582nam a2200205 4500
003 - CONTROL NUMBER IDENTIFIER
control field OSt
005 - DATE AND TIME OF LATEST TRANSACTION
control field 20260421045209.0
008 - FIXED-LENGTH DATA ELEMENTS--GENERAL INFORMATION
fixed length control field 240731b |||||||| |||| 00| 0 eng d
020 ## - INTERNATIONAL STANDARD BOOK NUMBER
International Standard Book Number 9780763734015
040 ## - CATALOGING SOURCE
Original cataloging agency DWCL-Main lib.
Transcribing agency OC
082 ## - DEWEY DECIMAL CLASSIFICATION NUMBER
Classification number Circ. 510 S781u 2007
006 - FIXED-LENGTH DATA ELEMENTS--ADDITIONAL MATERIAL CHARACTERISTICS
fixed length control field a
100 ## - MAIN ENTRY--PERSONAL NAME
Personal name Stahl, Saul
245 ## - TITLE STATEMENT
Title Understanding modern mathematics /
260 ## - PUBLICATION, DISTRIBUTION, ETC.
Place of publication, distribution, etc. Sudbury, Mass. :
Name of publisher, distributor, etc. Jones and Bartlett Pub. ,
Date of publication, distribution, etc. c2007.
300 ## - PHYSICAL DESCRIPTION
Extent viii,
Other physical details (various paging) : ill. ;
Accompanying material 23 cm.
504 ## - BIBLIOGRAPHY, ETC. NOTE
Bibliography, etc. note Includes index.<br/>
650 ## - SUBJECT ADDED ENTRY--TOPICAL TERM
Topical term or geographic name entry element 1. Mathematics.
942 ## - ADDED ENTRY ELEMENTS (KOHA)
Source of classification or shelving scheme Dewey Decimal Classification
Suppress in OPAC No
Koha item type Book Circulation
Call number prefix Circ.
Holdings
Withdrawn status Lost status Source of classification or shelving scheme Damaged status Not for loan Home library Current library Date acquired Source of acquisition Total Checkouts Full call number Barcode Date last seen Copy number Price effective from Koha item type Uniform Resource Identifier
    Dewey Decimal Classification     College Library College Library 03/21/2011 School Fund   Circ. 510 S781u 2007 CL48208 07/31/2024 c1 07/31/2024 Book Circulation